000 00352nam a2200145Ia 4500
008 230917s9999||||xx |||||||||||||| ||und||
040 _e6499
_aMAIN
041 _aEnglish
082 _a301.04 D74U
100 _aDoshi, Sambhulal
245 0 _aUcheter samajsashtria sidhant
260 _aJaipur
_bRawat
_c1996
300 _axiii, 405 p.
942 _cBK
999 _c128543
_d128543